000 00497nam a2200157Ia 4500
003 IQ-KOUCL
041 _aArabic
082 _a340,341 cut-279 ص
100 _a20260118u\\\\\\\\\\\y0engy0103\\\\ba
100 _aياسر علي خلف الصافي
245 0 _aالنظام القانوني للملاحة البحرية في المضايق الدولية
250 _aط1
260 _bمنشورات زين الحقوقية
_aبيروت - لبنان
_c2016
300 _a216
942 _cBk
999 _c187192
_d187192